Normal view
MARC view
- Functional analysis
Entry Topical Term
001 - CONTROL NUMBER
- control field: 39212
003 - CONTROL NUMBER IDENTIFIER
- control field: NUST
005 - DATE AND TIME OF LATEST TRANSACTION
- control field: 20210314131353.0
008 - FIXED-LENGTH DATA ELEMENTS
- fixed length control field: 210314|| aca||aabn | a|a d
040 ## - CATALOGING SOURCE
- Original cataloging agency: NUST
- Transcribing agency: NUST
150 ## - HEADING--TOPICAL TERM
- Topical term or geographic name entry element: Functional analysis
670 ## - SOURCE DATA FOUND
- Source citation: Work cat.: (NUST): Ayre, Henry Glenn, 39211, Basic mathematical analysis for junior & senior colleges., 1950.
